000 00360nam a2200133Ia 4500
003 GCL
008 140319s9999 xx 000 0 ara d
040 _aGCL /
_cGCL
082 0 4 _a412
_bب م
100 1 _aبشر فارس
245 1 0 _aمباحث عربية /
_cبشر فارس
300 _a147 ص
490 _aالهيئة العامة للاستعلامات
_v0
999 _c51191
_d51191